| 000 | 00817nam a2200253Ia 4500 | ||
|---|---|---|---|
| 003 | OSt | ||
| 005 | 20210416102717.0 | ||
| 008 | 210310s1980 ck gr 000 0 spa d | ||
| 020 | _a8482721569 | ||
| 040 |
_aCO-JMCR _cCO-JMCR |
||
| 041 | 0 | _aspa | |
| 082 | 0 | 4 |
_a346.807 / _bB275g _223 |
| 100 | 1 |
_aBarriga López, Leonardo, _eautor _925707 |
|
| 245 | 1 | 3 |
_aEl grupo andino y las transnacionales / _cLeonardo Barriga López |
| 260 |
_aBogotá : _bTemis, _c1980. |
||
| 300 |
_a218 páginas ; _c23 cm. |
||
| 504 | _aBibliografía : páginas 205-211. | ||
| 505 | 0 | _aTeoría general del subdesarrollo y de la integración. | |
| 650 | 1 | 4 |
_aGrupo andino. _925709 |
| 650 | 2 | 4 |
_aEmpresas internacionales. _98176 |
| 650 | 2 | 4 |
_a Integración económica. _936911 |
| 650 | 2 | 4 |
_aIntegración regional _93984 |
| 942 |
_2ddc _cBK |
||
| 999 |
_c11506 _d11506 |
||